The Fossils Mod All Displayable Fossils - Statistics

General Stats
  • This quiz has been taken 9 times
  • The average score is 49 of 417
Answer Stats
Time Period Answer Piece Count Hint % Correct
Late Cretaceous Spinosaurus 20
71%
Devonian Tiktaalik 5
71%
Late Cretaceous Tyrannosaurus 20
71%
Devonian Acanthostega 5
57%
Jurassic Allosaurus 20
57%
Devonian Bothriolepis 5
57%
Devonian Ichthyostega 5
57%
Late Cretaceous Parasaurolophus walkeri 20 sp.
57%
Devonian Parmastega 5
57%
Jurassic Stegosaurus 20
57%
Late Cretaceous Triceratops horridus 20 sp.
57%
Permian Acanthostomatops 5
43%
Early Cretaceous Acrocanthosaurus 20
43%
Permian Dimetrodon Grandis 20 sp.
43%
Devonian Dunkleosteus 10
43%
Permian Edaphosaurus cruciger 10 sp.
43%
Permian Gaiasia 15
43%
Permian Isengops 5
43%
Triassic Lisowicia 20
43%
Neogene Pan 15
43%
Triassic Sillosuchus 20
43%
Permian Tapinocaninus 15
43%
Devonian Titanichthys 20
43%
Jurassic Torvosaurus 20
43%
Permian Alopecognathus 5
29%
Early Cretaceous Amargasaurus 20
29%
Late Cretaceous Ankylosaurus 20
29%
Permian Anteosaurus 20
29%
Carboniferous Anthracosaurus 10
29%
Early Cretaceous Baryonyx 20
29%
Palaeogene Basilosaurus 20
29%
Jurassic Brachiosaurus 20
29%
Devonian Bungartius 5
29%
Permian Bunostegos 10
29%
Permian Cacops 5
29%
Jurassic Camptosaurus 15
29%
Jurassic Ceratosaurus 15
29%
Triassic Coelophysis 10
29%
Early Cretaceous Concavenator 15
29%
Jurassic Dakosaurus maximus 15 sp.
29%
Late Cretaceous Deinocheirus 20
29%
Early Cretaceous Deinonychus 15
29%
Permian Deuterosaurus 10
29%
Permian Diadectes 10
29%
Permian Diplocaulus minimus 5 sp.
29%
Late Cretaceous Edmontosaurus annectens 20 sp.
29%
Permian Elginia 5
29%
Carboniferous Eryops 10
29%
Permian Eunotosaurus 5
29%
Early Cretaceous Gastonia 10
29%
Permian Geikia elginensis 5 sp.
29%
Jurassic Guanlong 10
29%
Triassic Herrerasaurus 20
29%
Permian Hipposaurus 5
29%
Jurassic Ichthyosaurus 10
29%
Early Cretaceous Iguanodon 20
29%
Permian Inostrancevia alexandri 20 sp.
29%
Triassic Lessemsaurus 20
29%
Jurassic Liopleurodon 15
29%
Carboniferous Megalocephalus 10
29%
Jurassic Megalosaurus 15
29%
Permian Moschops 20
29%
Late Cretaceous Nanotyrannus 15
29%
Triassic Nothosaurus 15
29%
Early Cretaceous Nqwebasaurus 5
29%
Triassic Placerias 10
29%
Triassic Postosuchus 20
29%
Permian Proburnetia 5
29%
Quaternary Raphus 10
29%
Permian Robertia 5
29%
Permian Rubidgea 20
29%
Permian Ruhuhucerberus 10
29%
Early Cretaceous Sarcosuchus 20
29%
Permian Scutosaurus 20
29%
Quaternary Sinomegaceros yabei 15 sp.
29%
Late Cretaceous Stegouros 5
29%
Early Cretaceous Suchomimus 15
29%
Late Cretaceous Tethyshadros 15
29%
Permian Tetraceratops 5
29%
Late Cretaceous Therizinosaurus 20
29%
Permian Tiarajudens 5
29%
Early Cretaceous Utahraptor 20
29%
Permian Vivaxosaurus 10
29%
Jurassic Yi 5
29%
Jurassic Yingshanosaurus 15
29%
Jurassic Yinlong 5
29%
Early Cretaceous Yutyrannus 20
29%
Early Cretaceous Altirhinus 15
14%
Jurassic Apatosaurus 20
14%
Late Cretaceous Asiatyrannus 10
14%
Late Cretaceous Australovenator 10
14%
Triassic Austriadactylus 5
14%
Neogene Balaena 20
14%
Quaternary Bison latifrons 15 sp.
14%
Early Cretaceous Brighstoneus 15
14%
Triassic Callawayia 5
14%
Jurassic Camarasaurus 20
14%
Late Cretaceous Carcharodontosaurus 20
14%
Late Cretaceous Centrosaurus 15
14%
Neogene Ceratotherium 20
14%
Late Cretaceous Champsosaurus 10
14%
Jurassic Chungkingosaurus 10
14%
Neogene Columba 5
14%
Jurassic Compsognathus 5
14%
Early Cretaceous Comptonatus 10
14%
Early Cretaceous Convolosaurus 5
14%
Permian Cotylorhynchus 20
14%
Permian Criocephalosaurus 10
14%
Jurassic Ctenochasma 10
14%
Permian Ctenospondylus 10
14%
Triassic Cyamodus muensteri 5 sp.
14%
Jurassic Cycnorhamphus 5
14%
Triassic Cynognathus 10
14%
Palaeogene Daeodon 15
14%
Quaternary Dama dama 10 sp.
14%
Late Cretaceous Daspletosaurus 20
14%
Permian Dasyceps bucklandi 5 sp.
14%
Late Cretaceous Diabloceratops 10
14%
Permian Diploceraspis 5
14%
Jurassic Diplodocus 20
14%
Jurassic Dracoraptor 5
14%
Jurassic Dryosaurus 10
14%
Jurassic Elaphrosaurus 15
14%
Early Cretaceous Eocarcharia 15
14%
Jurassic Eocursor 5
14%
Triassic Eoraptor 5
14%
Neogene Eremotherium 20
14%
Permian Estemmenosuchus mirabilis 15 sp.
14%
Early Cretaceous Euhelopus 15
14%
Jurassic Europasaurus 10
14%
Jurassic Eustreptospondylus 10
14%
Palaeogene Gastornis 10
14%
Triassic Gerrothorax 5
14%
Jurassic Gigantspinosaurus 10
14%
Early Cretaceous Haliskia 10
14%
Late Cretaceous Hatzegopteryx 20
14%
Jurassic Heterodontosaurus 5
14%
Neogene Homunculus 5
14%
Triassic Hyperodapedon 5
14%
Early Cretaceous Ichthyovenator 15
14%
Early Cretaceous Ikrandraco 5
14%
Late Cretaceous Jakapil 5
14%
Jurassic Jianchangnathus 5
14%
Permian Jonkeria 20
14%
Jurassic Kentrosaurus 10
14%
Early Cretaceous Koolasuchus 15
14%
Early Cretaceous Kunbarrasaurus 10
14%
Palaeogene Kutchicetus 10
14%
Permian Labidosaurus 5
14%
Early Cretaceous Lajasvenator 10
14%
Early Cretaceous Ludodactylus 10
14%
Jurassic Lusovenator 15
14%
Permian Lystrosaurus maccaigi 10 sp.
14%
Early Cretaceous Malawisaurus 15
14%
Jurassic Mamenchisaurus 20
14%
Quaternary Mammuthus columbi 20 sp.
14%
Late Cretaceous Megaraptor 15
14%
Early Cretaceous Mei 5
14%
Permian Melosaurus 5
14%
Late Cretaceous Minqaria 10
14%
Jurassic Miragaia 20
14%
Triassic Mixosaurus 5
14%
Late Cretaceous Montanoceratops 10
14%
Early Cretaceous Muttaburrasaurus 15
14%
Jurassic Nannopterygius 10
14%
Late Cretaceous Nasutoceratops 10
14%
Early Cretaceous Nigersaurus 20
14%
Late Cretaceous Olorotitan 15
14%
Carboniferous Ophiacodon 10
14%
Jurassic Ophthalmosaurus 10
14%
Late Cretaceous Ornatops 10
14%
Jurassic Ornitholestes 10
14%
Early Cretaceous Ouranosaurus 15
14%
Late Cretaceous Oviraptor 15
14%
Quaternary Panthers tigris 20 sp.
14%
Triassic Plateosaurus 20
14%
Carboniferous Platyhystrix 5
14%
Jurassic Plesiosaurus 10
14%
Jurassic Pliosaurus 20
14%
Early Cretaceous Polacanthus 10
14%
Triassic Prestosuchus 20
14%
Permian Prionosuchus 20
14%
Early Cretaceous Proa 10
14%
Early Cretaceous Probactrosaurus 15
14%
Jurassic Proceratosaurus 10
14%
Palaeogene Protoceras 5
14%
Palaeogene Pyrotherium 15
14%
Jurassic Rhamphorhynchus 10
14%
Early Cretaceous Sauropelta 15
14%
Permian Secodontosaurus 10
14%
Triassic Shonisaurus 20
14%
Jurassic Shunosaurus 15
14%
Triassic Silesaurus 5
14%
Neogene Sinclairomeryx 10
14%
Late Cretaceous Sinoceratops 15
14%
Jurassic Sinosaurus sinensis 10 sp.
14%
Jurassic Sinraptor 15
14%
Quaternary Smilodon 20
14%
Jurassic Sordes 5
14%
Jurassic Spicomellus 15
14%
Late Cretaceous Stellasaurus 15
14%
Late Cretaceous Struthiomimus 10
14%
Permian Suminia 5
14%
Neogene Synthetoceras 10
14%
Triassic Tanystropheus hydroides 15 sp.
14%
Early Cretaceous Tapejara 5
14%
Triassic Teleocrater 10
14%
Jurassic Temnodontosaurus 15
14%
Quaternary Tockus 5
14%
Early Cretaceous Tupandactylus imperator 15 sp.
14%
Early Cretaceous Tupandactylus navigans 10 sp.
14%
Early Cretaceous Tyrannotitan 15
14%
Permian Uranocentrodon 15
14%
Late Cretaceous Velociraptor 15
14%
Early Cretaceous Wuerhosaurus 15
14%
Jurassic Yangchuanosaurus 20
14%
Late Cretaceous Zanabazar 10
14%
Early Cretaceous Abyssosaurus 15
0%
Late Cretaceous Achelousaurus 15
0%
Jurassic Adeopapposaurus 10
0%
Early Cretaceous Anatosuchus 5
0%
Late Cretaceous Angulomastacator 15
0%
Early Cretaceous Anhanguera 10
0%
Early Cretaceous Anteophthalmosuchus 10
0%
Jurassic Anurognathus 5
0%
Early Cretaceous Aquilops 5
0%
Late Cretaceous Archelon 20
0%
Late Cretaceous Aristonectes 20
0%
Triassic Arizonasaurus 10
0%
Jurassic Asfaltovenator 15
0%
Triassic Atopodentatus 10
0%
Neogene Australopithecus africanus 10 sp.
0%
Early Cretaceous Bajadasaurus 15
0%
Early Cretaceous Bannykus 5
0%
Early Cretaceous Barbosania 10
0%
Palaeogene Barylambda 10
0%
Triassic Batrachotomus 15
0%
Late Cretaceous Beelzebufo 5
0%
Early Cretaceous Beipiaosaurus 10
0%
Early Cretaceous Berthasaura 5
0%
Triassic Bobosaurus 10
0%
Jurassic Brachytrachelopan 15
0%
Late Cretaceous Buitreraptor 5
0%
Early Cretaceous Caiuajara 5
0%
Triassic Cartorhynchus 5
0%
Early Cretaceous Chaoyangopterus 5
0%
Late Cretaceous Chasmosaurus 15
0%
Jurassic Chilesaurus 10
0%
Quaternary Coelodonta 15
0%
Palaeogene Conflicto 5
0%
Late Cretaceous Corythosaurus casuarius 20 sp.
0%
Carboniferous Crassigyrinus 10
0%
Jurassic Cryolophosaurus 15
0%
Jurassic Cryptoclidus 10
0%
Triassic Cymbospondylus 20
0%
Late Cretaceous Dallasaurus 5
0%
Carboniferous Datheosaurus 5
0%
Early Cretaceous Daurlong 10
0%
Jurassic Dearc 10
0%
Neogene Decennatherium 15
0%
Neogene Deinotherium 20
0%
Triassic Desmatosuchus 15
0%
Triassic Diademodon 5
0%
Jurassic Dilophosaurus 15
0%
Jurassic Dimorphodon 5
0%
Neogene Dinocrocuta 10
0%
Permian Diplocaulus mangicornis 5 sp.
0%
Quaternary Doedicurus 20
0%
Palaeogene Dorudon 10
0%
Triassic Drepanosaurus 5
0%
Early Cretaceous Dsungaripterus 10
0%
Triassic Effigia 5
0%
Late Cretaceous Einiosaurus 10
0%
Permian Endothiodon bathystoma 10 sp.
0%
Jurassic Eoabelisaurus 15
0%
Triassic Eorhynchochelys 10
0%
Triassic Eretmorhipis 5
0%
Triassic Erythrosuchus 15
0%
Triassic Etjosuchus 15
0%
Jurassic Eurhinosaurus 15
0%
Early Cretaceous Europejara 5
0%
Early Cretaceous Europelta 10
0%
Early Cretaceous Falcarius 10
0%
Early Cretaceous Fukuisaurus 10
0%
Jurassic Giraffatitan 20
0%
Late Cretaceous Halszkaraptor 5
0%
Early Cretaceous Hamipterus 10
0%
Triassic Henodus 5
0%
Triassic Hescheleria 5
0%
Neogene Hippidion 10
0%
Early Cretaceous Huaxiadraco 5
0%
Late Cretaceous Huaxiazhoulong 15
0%
Jurassic Huayangosaurus 10
0%
Triassic Hupehsuchus 5
0%
Early Cretaceous Hypselospinus 15
0%
Early Cretaceous Hypsilophodon 10
0%
Triassic Hypuronector 5
0%
Early Cretaceous Incisivosaurus 5
0%
Early Cretaceous Irritator 15
0%
Early Cretaceous Jinyunpelta 10
0%
Early Cretaceous Jinzhousaurus 10
0%
Late Cretaceous Kamuysaurus 15
0%
Triassic Kannemeyeria 5
0%
Jurassic Kayentatherium 5
0%
Jurassic Klamelisaurus 15
0%
Triassic Kranosaura 5
0%
Neogene Kubanochoerus 15
0%
Triassic Lagerpeton 5
0%
Triassic Lagosuchus 5
0%
Triassic Laidleria 5
0%
Early Cretaceous Leaellynasaura 10
0%
Palaeogene Leptictidium 5
0%
Early Cretaceous Leptocleidus 10
0%
Jurassic Lesothosaurus 5
0%
Carboniferous Limnoscelis 10
0%
Jurassic Limusaurus 10
0%
Jurassic Litargosuchus 5
0%
Quaternary Litocranius 10
0%
Neogene Livyatan 20
0%
Neogene Llallawavis 5
0%
Triassic Lotosaurus 10
0%
Jurassic Lufengosaurus 10
0%
Early Cretaceous Luskhan 15
0%
Jurassic Manidens 5
0%
Early Cretaceous Mantellisaurus 15
0%
Triassic Mastodonsaurus 20
0%
Palaeogene Megacerops 20
0%
Triassic Megalancosaurus 5
0%
Quaternary Megalibgwilia 5
0%
Early Cretaceous Meilifeilong 5
0%
Neogene Menoceras 5
0%
Quaternary Monachus 10
0%
Jurassic Monolophosaurus 15
0%
Jurassic Mymoorapelta 10
0%
Early Cretaceous Neovenator 15
0%
Triassic Nicrosaurus 10
0%
Permian Nigerpeton 10
0%
Palaeogene Obdurodon 10
0%
Neogene Odobenocetops 10
0%
Palaeogene Odontopteryx 15
0%
Late Cretaceous Oksoko 5
0%
Jurassic Ophthalmothule 15
0%
Palaeogene Oxydactylus 10
0%
Late Cretaceous Pachyrhinosaurus canadensis 20 sp.
0%
Palaeogene Palaeotherium 15
0%
Palaeogene Paraceratherium transouralicum 20 sp.
0%
Jurassic Patagosaurus 15
0%
Early Cretaceous Pelecanimimus 5
0%
Palaeogene Pezosiren 10
0%
Carboniferous Pholiderpeton 15
0%
Jurassic Piatnitzkysaurus 10
0%
Triassic Placodus 10
0%
Late Cretaceous Platecarpus 15
0%
Triassic Poposaurus 10
0%
Quaternary Praemegaceros cazioti 10 sp.
0%
Late Cretaceous Prenocephale 10
0%
Palaeogene Prodinoceras 10
0%
Triassic Proganochelys 5
0%
Carboniferous Proterogyrinus 5
0%
Triassic Proterosuchus 15
0%
Late Cretaceous Protoceratops andrewsi 10 sp.
0%
Early Cretaceous Psittacosaurus lujiatunensis 5 sp.
0%
Early Cretaceous Psittacosaurus mongoliensis 5 sp.
0%
Early Cretaceous Psittacosaurus sibiricus 10 sp.
0%
Late Cretaceous Pteranodon Sternbergi 20 sp.
0%
Jurassic Pterodactylus 5
0%
Early Cretaceous Pterodaustro 10
0%
Neogene Purussaurus 20
0%
Triassic Qianosuchus 10
0%
Triassic Rabidosaurus 10
0%
Triassic Raeticodactylus 5
0%
Late Cretaceous Rajasaurus 15
0%
Quaternary Rangifer 10
0%
Triassic Rechnisaurus 10
0%
Late Cretaceous Regaliceratops 15
0%
Jurassic Rhomaleosaurus 15
0%
Triassic Riojasuchus 5
0%
Triassic Rugarhynchos 10
0%
Jurassic Scelidosaurus 10
0%
Early Cretaceous Shenzhoupterus 5
0%
Triassic Shringasaurus 10
0%
Late Cretaceous Shuvuuia 5
0%
Jurassic Simolestes 10
0%
Quaternary Simosthenurus 10
0%
Quaternary Sivatherium giganteum 20 sp.
0%
Late Cretaceous Skorpiovenator 10
0%
Triassic Smilosuchus 15
0%
Early Cretaceous Spectrovenator 10
0%
Late Cretaceous Spiclypeus 15
0%
Triassic Stagonolepis 10
0%
Triassic Stahleckeria 10
0%
Triassic Stanocephalosaurus 10
0%
Carboniferous Stenokranio 5
0%
Early Cretaceous Suzhousaurus 15
0%
Quaternary Sylviornis 5
0%
Jurassic Tanycolagreus 10
0%
Triassic Tanystropheus longobardicus 5 sp.
0%
Early Cretaceous Tenontosaurus 15
0%
Triassic Teraterpeton 5
0%
Jurassic Thalattosuchus 15
0%
Triassic Thecodontosaurus 10
0%
Neogene Theropithecus 10
0%
Neogene Thylacoleo 10
0%
Early Cretaceous Torukjara 5
0%
Triassic Trilophosaurus 10
0%
Jurassic Tuojiangosaurus 15
0%
Triassic Vancleavea 10
0%
Quaternary Varanus priscus 20 sp.
0%
Late Cretaceous Wendiceratops 15
0%
Triassic Xinpusaurus 5
0%
Early Cretaceous Yuanyanglong 5
0%
Triassic Yunguisaurus 10
0%
Jurassic Yunnanosaurus 15
0%
Jurassic Yuxisaurus 10
0%
Late Cretaceous Zarafasaura 15
0%
Early Cretaceous Zhenyuanlong 10
0%
Triassic Zupaysaurus 15
0%
No matching quizzes found
Score Distribution
Percent of People with Each Score
Percentile by Number Answered
Your Score History
You have not taken this quiz